El haiku en la poesía española y catalana del siglo XX (Registro nro. 324430)

Detalles MARC
000 -ENCABEZADO
Número de control [NR] 00956nam a22002417a 4500
005 - FECHA Y HORA DE LA ÚLTIMA TRANSACCIÓN
control field 20240715073607.0
008 - DE LONGITUD FIJA DE DATOS DE ELEMENTOS - INFORMACIÓN GENERAL
Elementos de longitud fija [NR] 240715t ||||| |||| 00| 0 spa d
020 ## - NUMERO INTERNACIONAL NORMALIZADO PARA LIBROS [R]
Número Internacional Normalizado del libro [NR] 9788412579406
040 ## - FUENTE DE CATALOGACION [NR]
Agencia de catalogación original [NR] CO-BoUCM
Quien Cataloga David Moreno
Quien Clasifica David Moreno
041 ## - CODIGO DE IDIOMA [R]
Código de idioma para texto/pista de sonido o título separado [R] Español
100 1# - ASIENTO PRINCIPAL--NOMBRE PERSONAL [NR]
Nombre personal [NR] Tazawa, Yoshiko
ID Autoridad 181621
245 13 - MENCION DE TITULO [NR]
Título [NR] El haiku en la poesía española y catalana del siglo XX
Parte restante del título [NR] como una ballesta en el aire azul
Mención de responsabilidad, etc. [NR] Yoshiko Tazawa
250 ## - MENCION DE EDICION [NR]
Mención de edición [NR] 1ª ed.
260 ## - PUBLICACION, DISTRIBUCION, ETC. (PIE DE IMPRENTA) [R]
Lugar de publicación, distribución, etc. [R] Barcelona
Nombre del editor, distribuidor, etc. [R] Ediciones Invisibles
Fecha de publicación, distribución, etc. [R] 2024
300 ## - DESCRIPCION FISICA [R]
Extensión [R] 307 Paginas
650 17 - ASIENTO SECUNDARIO DE MATERIA - TERMINO TEMATICO [R]
Término temático o nombre geográfico como elemento de entrada [NR] Poesía española
Subdivisión general [R] Literatura contemporánea
Subdivisión cronológica [R] Siglo XX
9 (RLIN) 181622
650 17 - ASIENTO SECUNDARIO DE MATERIA - TERMINO TEMATICO [R]
Término temático o nombre geográfico como elemento de entrada [NR] Poesía catalana
Subdivisión general [R] Formas poéticas
Subdivisión cronológica [R] Siglo XX
9 (RLIN) 181623
650 17 - ASIENTO SECUNDARIO DE MATERIA - TERMINO TEMATICO [R]
Término temático o nombre geográfico como elemento de entrada [NR] Poesía japonesa
Subdivisión general [R] Influencia
Subdivisión cronológica [R] Siglo XX
9 (RLIN) 181624
650 17 - ASIENTO SECUNDARIO DE MATERIA - TERMINO TEMATICO [R]
Término temático o nombre geográfico como elemento de entrada [NR] Haiku
Subdivisión general [R] Análisis literario
Subdivisión geográfica [R] Siglo XX
9 (RLIN) 181625
650 17 - ASIENTO SECUNDARIO DE MATERIA - TERMINO TEMATICO [R]
Término temático o nombre geográfico como elemento de entrada [NR] Haiku
Subdivisión general [R] Apreciación
-- Historia y crítica
9 (RLIN) 181626
942 ## - ELEMENTOS DE ENTRADA AGREGADOS (KOHA)
Sistema de clasificación DEWEY
Tema principal Literatura
Tipo de ítem principal el descrito en 300a Libro
Edición 1
Clasificación 860
Parte restante de la signatura top. T248c
Título oculto en OPAC No
Existencias
Fecha de último préstamo Total préstamos Total Renewals Signatura topográfica Código de barras Última vez visto Ejemplar Price effective from Tipo de ítem Perdido Sistema de clasificación Dañado No prestable Tipo de ítem específico Suprimido Ubicación habitual Ubicación actual Localización Fecha de creación Forma de adquisición Costo
12/10/2024 2 3 860 T248c 100172767 09/12/2025 Ej.1 15/07/2024 Libro   DEWEY     Libro   Claustro Claustro 2do piso 15/07/2024 Compra 187572.00